000
00227nam a2200097Ia 4500
008
120527s9999 xx 000 0 und d
100
_a
CARDANHA,JUDITH,M.
245
_a
Career reading Skills.
260
_b
Homewood.
942
_c
BK
999
_c
23938
_d
23938